| 000 | 01287cam a22001934a 4500 | ||
|---|---|---|---|
| 005 | 20250605164053.0 | ||
| 008 | 250528s ||||||||||||||||||||||||d | ||
| 035 | _a17347 | ||
| 020 | _a199250251 | ||
| 040 |
_aGR-AtMCL _bgre _dGR-AtMCL _eAACR2 |
||
| 245 | 1 | _aEuropean States and the Euro / Europeanization, Variation, and Convergence | |
| 260 |
_bOxford University Press, _c2002 |
||
| 300 | _a418 | ||
| 520 | _aThis book examines the effects on public policies, political structures, discourses, and identities. Introduction: EMU as Integration and Europeanization and Convergence, European and Global Contexts, EMU's Integration and EMU and Monetary Governance in the European Union: The Political Economy of the ''Stability Culture'', The Political Economy of Fiscal Policy under Monetary Union, Domestic Political and Policy Contexts, Britain and EMU, EMU: A Danish Delight and Dilemma, The Italian State and the Euro: Institutions and Discourse and Policy Regimes, Sectors and States and EMU, Politics and Banks and Financial Market Governance in the Euro-Zone, The Euro and Labor Market and Wage Policies, Conclusions: European States and Euro Economic Governance, References, Index. | ||
| 700 | 1 |
_aDyson Kenneth _93504 |
|
| 942 | _cBK | ||
| 999 |
_c2773 _d2773 |
||